Statistics for All-Time Arizona Coyotes

Click here to take the quiz!

General Stats

  • This quiz has been taken 4 times
  • The average score is 4 of 13

Answer Stats

Position Answer % Correct
1st Line DEkman-Larsson
100%
1st Line LWDoan
100%
Starting GoalieSmith
75%
CoachTippett
50%
2nd Line RWDomi
50%
2nd Line DKlesla
25%
2nd LIne LWVrbata
25%
Backup GoalieKhabibulin
0%
1st Line CVermette
0%
2nd Line DMorris
0%
1st Line RWBoedker
0%
1st Line DNumminen
0%
2nd Line CHanzal
0%

Score Distribution

Percentile by Number Answered

Percent of People with Each Score

Your Score History

You have not taken this quiz